| 000 | 00000nam##2200000za#4500 |
| 001 | 9.690651 |
| 003 | CaOODSP |
| 005 | 20230117131521 |
| 007 | cr ||||||||||| |
| 008 | 150407|2000||||xxc|||||o f|0| 0 eng|d |
| 040 | |aCaOODSP|beng |
| 043 | |an-cn--- |
| 086 | 1 |aJL2-45/2000E-PDF |
| 110 | 2 |aLaw Commission of Canada. |
| 245 | 14|aThe governance of health research involving human subjects (HRIHS) |h[electronic resource] |
| 260 | |aOttawa - Ontario : |bLaw Commission of Canada |c[2000?]. |
| 300 | |a389p.|breferences, tables |
| 590 | |a08-02-Supp|b2008-04-07 |
| 690 | 07|aMedical research|2gcpds |
| 775 | 08|tGouvernance de la recherche en santé avec des sujets humains (RSSH) |w(CaOODSP)9.634990 |
| 856 | 40|ahttp://publications.gc.ca|qPDF|s1125 KB|uhttps://publications.gc.ca/collections/collection_2008/lcc-cdc/JL2-45-2000E.pdf |